000 00417nam a2200157Ia 4500
008 230711s9999||||xx |||||||||||||| ||und||
041 _aENG
082 _a621
_bBE-M
100 _aBeer,Ferdinand P
245 0 _aMechanics for engineers: statics
250 _a1st Ed.
260 _c1987
_aNew Delhi
_bTata McGraw Hill Education Limited
650 _aMechanical Engineering
700 _aJohnston,E Russell
942 _cBK
999 _c911
_d911